| 000 | 00705nam a2200229 i 4500 | ||
|---|---|---|---|
| 001 | bg | ||
| 100 | 1 | _aBARTCZAK, Stanisław | |
| 245 | 0 | 0 |
_aProjektowanie obrabiarek : _bmateriały pomocnicze. _nCz. 2 / _pStanisław Bartczak, Mieczysław Brock ; Politechnika Poznańska. |
| 260 |
_aPoznań : _bWydaw. PP, _c1995. |
||
| 300 |
_a124, [1] s. : _brys., wykr. ; _c24 cm. |
||
| 504 | _aBibliogr. s. [125]. | ||
| 650 | 9 |
_aObrabiarki _xprojekty |
|
| 655 | _aTablice i wzory | ||
| 700 | 1 | _aBROCK, Mieczysław | |
| 020 | _a8371431929 (cz. 2) | ||
| 040 | _cBPK | ||
| 041 | 0 | _apol | |
| 080 | _a621.9(083)(075.8) | ||
| 920 | _a83-7143-192-9 (cz. 2) | ||
| 942 | _cKS | ||
| 008 | s pl f |000 0 pol | ||
| 999 |
_c6934 _d6934 |
||
| 856 |
_uhttp://koha.tu.koszalin.pl/cgi-bin/koha/opac-detail.pl?biblionumber=6934 _yKatalog online BPK |
||